00847nam a2200229Ia 4500001000700000003000500007008004100012010001100053040000900064100003000073245020400103260004100307300001000348502007600358650002400434650002300458650001300481650003200494650003600526650002400562700003100586Z_5070CHAP220113s2004 xx 000 0 und d a168127 cCHAP aVázquez Torres, Rodrigo aComposta de cerdaza y fertilización nitrogénada sobre la producción y composición de forraje de avena y ballico anual en pastoreo /cpor Rodrigo Vázquez Torres y Salvador Juárez Gurrola aChapingo, Méx. :bEl autor,c2004 a75 h. aTesis (Ing. Agr. Esp. en Zootecnia) -- UACH. Departamento de Zootecnia aAvena como forraje  aAvenaxRendimiento aCompost  aFertilizantes nitrogenados  aFertilizantesxEfecto en avena  aLolium multiflorum  aJuárez Gurrola, Salvador